000 01548nam a2200337 i 4500
001 91912
003 ES-MaACL
005 20250718070529.0
007 t|
008 050307q17341753fr e ||||1| fre d
040 _cES-MaACL
080 _a72(035)"15"
100 1 _aVignola,
_d1507-1573
_eaut
_9114654
245 1 0 _aReigles des cinq ordres d'architecture /
_cde M. Jacques Barozzio de Vignole, avec une augmentation nouvelle de Michel Angelo Bonaroti et autres = Le regole dei cinque ordini d'architettura del signor Giacomo Barozzio di Vignola ; con una augmentatione nuova di Michele Angelo Bonaroti ed altri.
246 1 _aRègles des cinq ordres d'architecture
246 1 _aRegola delli cinque ordini d'architettura
260 _aA Paris :
_bChez la Ve. de F. Chereau,
_c[entre 1734 y 1753]
300 _a87 páginas :
_bilustraciones ;
_c16 cm.
530 _3Disponible en formato digital
546 _aTexto en francés e italiano
650 4 _aArquitectura-
_xComposición
_9143356
650 4 _aÓrdenes arquitectónicos
_9147216
700 0 _aMichelangelo,
_d1475-1564
_eclb
_980912
740 3 2 _aLe regole dei cinque ordini d'architettura
852 _aES-MaACL
_cDEPO
_dOlim: D-3829
_hLegado M. de Lafuente
_jR-3127
_995277
856 4 _uhttps://archive.org/details/reiglesdescinqor00vign/page/n19/mode/2up
_yVersión en línea
_z(Internet Archive)
903 _aLafuente, Modesto,
_d1806-1866
_ednr
_969535
_q1
942 _cMONANT
_n0
999 _c91912
_d91912